| 000 | 00537nam a22001817a 4500 | ||
|---|---|---|---|
| 005 | 20251108165902.0 | ||
| 008 | 250721s1977 xx 000 0 ara d | ||
| 082 | 1 | 4 | _aط/790/وبس |
| 100 | 1 | _aوبستر، جيمس | |
| 245 | 1 | 0 | _aلعب و ألعاب يمكنك صنعها / |
| 264 | 1 |
_aبيروت : _bمكتبة لبنان، _c1977. |
|
| 300 | _a50ص؛مص | ||
| 490 | 0 | _aليديبرد | |
| 650 | 1 | 7 | _aالترفيه و التسليه |
| 700 | 1 |
_aشرارة، إسماعيل _eترجمة |
|
| 942 |
_2ddc _cBK |
||
| 999 |
_c33873 _d33873 |
||